High- Level Committee on Union- State relations report, Part-1 (Record no. 533353)

000 -LEADER
fixed length control field 00309nam a22000977a 4500
082 ## - DEWEY DECIMAL CLASSIFICATION NUMBER
Classification number B811x54 H534
245 ## - TITLE STATEMENT
Title High- Level Committee on Union- State relations report, Part-1
Statement of responsibility, etc by Government of Tamilnadu
260 ## - PUBLICATION, DISTRIBUTION, ETC. (IMPRINT)
Place of publication, distribution, etc New Delhi
Name of publisher, distributor, etc Bloomsbury
Date of publication, distribution, etc 2026
300 ## - PHYSICAL DESCRIPTION
Extent 387p.
650 ## - SUBJECT ADDED ENTRY--TOPICAL TERM
Topical term or geographic name as entry element Federal government - India
9 (RLIN) 60605
Holdings
Withdrawn status Lost status Source of classification or shelving scheme Damaged status Koha normalized classification for sorting Not for loan Permanent location Current location Shelving location Date acquired Full call number Barcode Date last seen Price effective from Koha item type
        B_811X54_H534   Indian Institute of Public Administration Indian Institute of Public Administration On Display 2026-05-18 B811x54 H534 Gr25718 2026-05-18 2026-05-18 GR

Powered by Koha